| 000 | 01312nam0a22002771 4500 | ||
|---|---|---|---|
| 001 | v19\rc\2091358 | ||
| 005 | 20081218101357.0 | ||
| 035 | _a(NLR Aleph) 005161384 | ||
| 090 |
_a4989597 _c4989597 |
||
| 100 | _a20260510 rusy50 | ||
| 101 | 0 | _arus | |
| 102 | _aRU | ||
| 105 | _aa z ||||| | ||
| 200 | 1 | _aПриветственные слова причастникам | |
| 210 |
_aСаратов _cКружок ревнителей православия в честь святителя Николая при Духосошественск. храме _d[1914] |
||
| 215 |
_a3 с. _cил. |
||
| 300 | _aВ конце текста авт.: прот. Владимир Воробьев | ||
| 309 | _aБез тит. л. и обл. | ||
| 311 | _aПерепеч. из № 5 "Саратов. епарх. ведомостей" за 1914 г." | ||
| 488 | 0 |
_12001#$aСаратовские епархиальные ведомости$v1914, № 5 _tСаратовские епархиальные ведомости |
|
| 700 | 1 |
_7ca _8rus _aВоробьев _bВ. И. _cсвященнослужитель _f1875-1937 _gВладимир Иванович _92707850 _3RU\NLR\AUTH\770293261 |
|
| 801 | 0 |
_aRU _bNLR _gpsbo |
|
| 801 | 1 |
_aRU _bProSoft-M _2rusmarc |
|
| 852 |
_aNLR _j37.54.4.563 |
||
| 942 | _cBOOK | ||
| 980 | _aNB | ||